000 00851cab a2200241 4500
001 ABS53119
008 090401t1995 xxu||||| |||| 00| 0 eng d
035 _a(Sirsi) u2220
041 _aeng
100 _aMaggs, C.
245 _aContract concerns
260 _c1995
350 _a0
490 _aLaw Society`s Gazette
_v92(21) 1 June 1995, 23(1)
520 _aDiscusses the defaults inherent within the Unfair Terms in Consumer Contracts Regulations, coming into force in July 1995. Highlights the poor drafting of the directive and a number of important omissions as the main areas for concern.
650 _aCONSUMER CONTRACTS
650 _aEC DIRECTIVE
650 _aUNFAIR TERMS IN CONSUMER CONTRACTS
650 _aUNFAIR TERMS
690 _aMANAGEMENT-BUSINESS MANAGEMENT-PROFESSIONAL PRACTICE
942 _n0
948 _c04/03/1997
999 _c1343
_d1343